000 00823nam a22002057a 4500
999 _c20053
_d20053
003 AR-CdUCM
008 190525b ||||| |||| 00| 0 spa d
040 _aMUNICIPALIDAD PROVINCIAL DEL CUSCO
_cBIBLIOTECA MUNICIPAL DEL CUSCO
082 _a985.7 /
_bO74
100 _aOrtiz, F. Dionicio, O. F, M.
_941953
245 _aEl perene :
_bReseña histórica de una importante región de la selva peruana /
260 _aLima :
_bSan antonio,
_c1978.
300 _a460 páginas ;
_bIlustraciones
_c26 cm.
505 _aContenido: El perene en el siglo XVII -- Primera entrada a la entrada de Chanchamayo -- El cerro de la sal -- El perene en el siglo XVIII...
650 _aChanchamayo
_922679
650 _aCerro de la sal
_941954
650 _aPueblo de la Merced
_941955
942 _2ddc
_cLIBROS
945 _aAndy
_d2019-25-05